La sainte bible polyglotte contenant le texte hébreux original, le texte grec des septante, le texte latín de la vulgate,...

Detalles Bibliográficos
Autor principal: VIGOUROUX, F.
Formato: Libro
Publicado: París 1906
Materias:
Colección:Banco de datos
Acervo:Biblioteca del Convento de San Pablo. Yuririahupándaro. Guanajuato
Descripción Física:t. VI
Tema general:Biblia
Notas:Buena. Ex libris manuscrito de Fr. Raymundo de S. Vega. 2L3, 5.
LEADER 00780nam a22002050004500
035 |a 38126 
036 |a 3767 
100 1 |a VIGOUROUX, F. 
245 1 0 |a La sainte bible polyglotte contenant le texte hébreux original, le texte grec des septante, le texte latín de la vulgate,... 
260 |a París  |b A. Roger y F. Chernoviz ed.  |c 1906 
300 |a t. VI 
500 |a Buena. Ex libris manuscrito de Fr. Raymundo de S. Vega. 2L3, 5. 
650 1 0 |a Biblia 
949 |a CRG-CY 
959 |a Ex convento de San Pablo, Museo Regional de Yuririahpúndaro, Guanajuato  |b CCC9 
960 |a Convento San Pablo Yuririahpúndaro, Guanajuato  |b DD86 
961 |a Agustina  |b OA 
942 |c CRG-CY 
943 |g Biblioteca del Convento de San Pablo. Yuririahupándaro. Guanajuato 
999 |c 958792  |d 958792